000 00467nam a22001697a 4500
003 NUST - PNEC
005 20170116181032.0
008 150919b xxu||||| |||| 00| 0 eng d
020 _a0078813425
040 _cLIBRARY
082 _a005.265 TUR
100 _911118
_aTurley, James L.
245 _aAdvanced 80386 programming techniques
_cJames L. Turley
260 _cc.1988
650 _911123
_aIntel 80386 (Microprocessor)--Programming
_xMIS
942 _2ddc
_cBK
999 _c67758
_d67758